| 000 | nam a22 7a 4500 | ||
|---|---|---|---|
| 999 |
_c19825 _d19825 |
||
| 008 | 170117b xxu||||| |||| 00| 0 eng d | ||
| 020 | _a9781256628408 | ||
| 050 | _aQC 24.5 .P49 2012 | ||
| 245 |
_aUniversity physics with modern physics/ _cedited by Patrick F. Boles |
||
| 260 |
_aBoston : _bPearson Learning Solutions, _c2012. |
||
| 300 |
_a1521p; _bill. ; _c28cm. |
||
| 440 | _vVolume 2 | ||
| 500 | _aIncludes bibliographical references and index | ||
| 650 | _2Astronomy | ||
| 700 | _aEdited by patrick f Boles | ||
| 942 |
_2lcc _cBOOKS _hQC 24.5 .P49 2012 |
||